000 00522nam a2200241Ia 4500
005 20250425160642.0
008 250425s9999 xx 000 0 und d
020 _a9682603242
041 _aspa
082 _a530
100 _aHALLIDAY, DAVID
245 0 _aFISICA (PARTE 1)
250 _a1A ED.
260 _aMEXICO
260 _aMéxico
_bCECSA
_c1982
300 _a646
650 _aFISICA
650 _aGRAVITACION
650 _aVECTORES
700 _aRESNICK, ROBERT
942 _c01
010 _a1311
999 _c193412
_d193412